| 000 | 00812nam a2200241Ia 4500 | ||
|---|---|---|---|
| 003 | GCL | ||
| 008 | 140319s9999 xx 000 0 ara d | ||
| 040 |
_aGCL / _cGCL |
||
| 082 | 0 | 4 |
_aق _b962.39 _bو س |
| 100 | 1 | _aوزارة الثقافة | |
| 245 | 1 | 0 |
_aسيناء وطنى دراسة فى تاريخ سيناء وجغرافيتها واثارها وصور الحياة بها / _cوزارة الثقافة |
| 300 | _a101 ص | ||
| 490 |
_aسلسلة كتب الشباب _v0 |
||
| 650 | 0 | 4 | _aتاريخ |
| 650 | 0 | 4 | _aالعادات والتقاليد |
| 650 | 0 | 4 | _aالاثار الاسلامية |
| 650 | 0 | 4 | _aالاثار الفرعونية |
| 650 | 0 | 4 | _aالبدو |
| 650 | 0 | 4 | _aسيناء |
| 650 | 0 | 4 | _aالاثار المسيحية |
| 650 | 0 | 4 | _aدير سانت كاترين |
| 942 |
_2ddc _cBK |
||
| 999 |
_c39255 _d39255 |
||